| 000 | 00687 a2200145 4500 | ||
|---|---|---|---|
| 082 | _aBEE-4 | ||
| 100 |
_aMuhammad Tayyab Aslam, Murtaza Manzoor, Syed Nasar Shahzad _993261 |
||
| 245 |
_aUltrasonic Haptic Vision System [project report BEE-4] _cMuhammad Tayyab Aslam, Murtaza Manzoor, Syed Nasar Shahzad _hEnglish |
||
| 260 |
_aIslamabad _bNUST School of Electrical Engineering and Computer Science _c2011. |
||
| 300 |
_a82p. _b;ill. _c:27cm. + _eCD-ROM |
||
| 500 | _aSupervisors: Mr. Abdul Afram, Mr. Mahboob Niazi | ||
| 700 |
_aMuhammad Tayyab Aslam, Murtaza Manzoor, Syed Nasar Shahzad _993261 |
||
| 856 | _uhttp://10.250.8.41:8080/xmlui/handle/123456789/9687 | ||
| 942 |
_cPR _kBEE-4 TAY _2ddc |
||
| 999 |
_c10571 _d10571 |
||